| 000 | 00463pam a2200169 a 4500 | ||
|---|---|---|---|
| 020 |
_a0-521-34750-5 _c |
||
| 040 | _aDRVU_517425 | ||
| 041 | _aeng | ||
| 100 |
_aRadford, Andrew _eAuthor |
||
| 245 |
_aTransformational Grammar _bA First Course _cAndrew Radford _hTextual Documents |
||
| 260 |
_aNew York _bCambridge University Press _c1988 |
||
| 300 |
_axiv, 624p. _c23 cm |
||
| 365 |
_aUSD45.00 _eP.B. |
||
| 500 | _aDUL | ||
| 504 | _aIncludes Index | ||
| 930 | _a7702 | ||
| 999 |
_c84613 _d84613 |
||